Los carpinteros
Saved in:
| Main Author: | |
|---|---|
| Format: | Book |
| Language: | Spanish |
| Published: |
Santo Domingo :
Corripio,
1990
|
| Edition: | 9a. ed. |
| Subjects: |
| LEADER | 00614nam#a2200241#a#4500 | ||
|---|---|---|---|
| 001 | 004138 | ||
| 005 | 20160721143059.0 | ||
| 008 | 961217s1990####dr##################spa#d | ||
| 040 | |a AR-beUNQ | ||
| 099 | |a 30-B52 | ||
| 100 | 1 | |a Balaguer, Joaquín | |
| 245 | 1 | 3 | |a Los carpinteros |c Joaquín Balaguer. |
| 250 | |a 9a. ed. | ||
| 260 | |a Santo Domingo : |b Corripio, |c 1990 | ||
| 300 | |a 431 p | ||
| 648 | 4 | |a 1867-1911 | |
| 650 | 7 | |a POLITICA |2 Spines | |
| 650 | 7 | |a REVOLUCIONES POLITICAS |2 Spines | |
| 650 | 7 | |a HISTORIA |2 Spines | |
| 651 | 7 | |a REPUBLICA DOMINICANA |2 Spines | |
| 929 | |j 20351 | ||
| 942 | |c LIB |n 0 | ||
| 999 | |c 6914 |d 82301 | ||